000 00776nam a22002177a 4500
005 20240530110558.0
008 160319s2012 ua a g 000 0dara d
017 _a2011/19590
_bمصر .دار الكتب المصرية
020 _a9789774901436
040 _aEG-CaGPL
082 0 4 _221
_a303.4\
_bع ث
100 0 _aعلى مبروك .
245 1 0 _aثورات العرب :
_bخطابات التاسيس /
_cعلى مبروك .
250 _aط1.
260 _aالقاهرة:
_bدار العين للنشر ،
_c2012 .
300 _a286 ص ؛
_c24 سم .
651 0 4 _aالعالم العربى
_xالثورات .
651 0 4 _aالعالم العربى
_xتاريخ
_yالعصر الحديث .
942 _2ddc
_cBK
999 _c62605
_d62605